[Event "CLÁSSICO"]
[Site "http://www.queenalice.com/game.php?id=1767624"]
[Date "2021.8.22"]
[Round "-"]
[White "jesuitaseregueifas"]
[Black "dimitridruloza2012"]
[Result "0-1"]
[WhiteElo "1098"]
[BlackElo "1763"]

1. Nf3 Nc6 2. b3 e5 3. h4 d6 4. Ba3 Nf6 5. Ng5 Be7 6. g3 Ng4 7. Ne4 d5 8. Nec3
Bxa3 9. Nxa3 Nb4 10. Bg2 e4 11. f3 Ne5 12. fxe4 d4 13. Nd5 Be6 14. Nxb4 Qd6 15.
c3 a5 16. Nbc2 Ng4 17. cxd4 Qxg3+ 18. Kf1 Qf2# 0-1

[Event "CLÁSSICO"]
[Site "http://www.queenalice.com/game.php?id=1770966"]
[Date "2021.9.27"]
[Round "-"]
[White "dimitridruloza2012"]
[Black "jesuitaseregueifas"]
[Result "1-0"]
[WhiteElo "1765"]
[BlackElo "1094"]

1. e3 g6 2. Bc4 d5 3. Bb3 c6 4. Nf3 Bf5 5. Nc3 Qa5 6. d4 Na6 7. Bd2 Nb4 8. a3
Nxc2+ 9. Bxc2 Bg4 10. Na4 Bxf3 11. Qxf3 Qc7 12. Bb4 O-O-O 13. Bc5 b6 14. Bb4 a5
15. Bc3 f6 16. Bd3 Qa7 17. Qe2 e6 18. O-O b5 19. Nc5 Bxc5 20. dxc5 Ne7 21. Bxf6
Ng8 22. Bxh8 Qxc5 23. Rac1 Qd6 24. Bxb5 Ne7 25. Bf6 Nf5 26. Bxd8 Kxd8 27. Rxc6
Qd7 28. Qc2 d4 29. Qc5 dxe3 30. Qf8+ Qe8 31. Rc8+ Kxc8 32. Qxe8+ Kc7 33. Rc1+
Kd6 34. Rc6+ Kd5 35. Qxe6+ Kd4 36. fxe3+ Nxe3 37. Rd6+ Kc5 38. Qe5+ Nd5 39.
Qxd5# 1-0

[Event "Challenge"]
[Site "http://www.queenalice.com/game.php?id=1775121"]
[Date "2021.11.18"]
[Round "-"]
[White "jesuitaseregueifas"]
[Black "ilbarbierefallito"]
[Result "0-1"]
[WhiteElo "1096"]
[BlackElo "1563"]

1. b3 e5 2. Nf3 Nc6 3. h4 d5 4. Bb2 Bd6 5. Ng5 f6 6. Nf3 Be6 7. Nc3 Qd7 8. Nb5
Bc5 9. e3 a6 10. Nc3 Bg4 11. Rh3 Bxh3 0-1

[Event "Challenge"]
[Site "http://www.queenalice.com/game.php?id=1778523"]
[Date "2021.12.28"]
[Round "-"]
[White "ilbarbierefallito"]
[Black "jesuitaseregueifas"]
[Result "1-0"]
[WhiteElo "1579"]
[BlackElo "1092"]

1. e4 b6 2. Nf3 Bb7 3. Nc3 e6 4. d4 Bb4 5. Bd3 Bxc3+ 6. bxc3 f5 7. exf5 Bxf3 8.
Qxf3 c6 9. fxe6 dxe6 10. Be4 Qd7 11. Ba3 Nf6 12. Bd3 Qd5 13. Qg3 Qd7 14. O-O b5
15. Rfe1 Kd8 16. Bd6 Na6 17. a4 Nh5 18. Qe5 Nf6 19. axb5 Nc7 20. bxc6 Qxc6 21.
Bxc7+ Kc8 22. Ba5 Qxc3 23. Bxc3 h5 24. Qxe6+ Kd8 25. Ba5# 1-0

[Event "CLÁSSICO"]
[Site "http://www.queenalice.com/game.php?id=1779437"]
[Date "2022.1.6"]
[Round "-"]
[White "jesuitaseregueifas"]
[Black "dimitridruloza2012"]
[Result "0-1"]
[WhiteElo "1088"]
[BlackElo "1783"]

1. g3 Nc6 2. Bg2 e5 3. b3 d6 4. Bb2 Nf6 5. f4 Ne7 6. fxe5 Ng4 7. Bh3 dxe5 8.
Bxg4 Bxg4 9. h3 Qd5 10. Rh2 Bf5 11. Nf3 e4 12. Nd4 c5 13. Nb5 Ng6 14. Nc7+ Kd8
15. Nxd5 Bd6 16. Rg2 Bxh3 17. Rg1 Be6 18. Ndc3 Bf5 19. Nb5 Be5 20. c3 Ke7 21. e3
Rhd8 22. Qh5 Be6 23. Qh2 a6 24. N5a3 Rd5 25. Nc4 Rad8 26. d4 cxd4 27. cxd4 Bc7
28. Nc3 Rf5 29. Nd2 h5 30. Qg2 Rg5 31. Qf2 Bd5 32. Rh1 Bxg3 33. Ba3+ Ke8 34. Rg1
Bxf2+ 35. Kxf2 Rf5+ 36. Ke2 Bc6 37. Kd1 Rc8 38. Bc5 Bd7 39. Ndxe4 Kd8 40. Nd6
Rcxc5 41. dxc5 Rf3 42. Re1 Bg4 43. Kd2 Kc7 44. Nc4 h4 45. Kc2 Rf2+ 46. Kd3 h3
47. Rg1 Bf5+ 48. Kd4 b5 49. Ne5 Rd2+ 50. Nd3 Rxd3# 0-1

[Event "Challenge"]
[Site "http://www.queenalice.com/game.php?id=1785371"]
[Date "2022.3.21"]
[Round "-"]
[White "jesuitaseregueifas"]
[Black "Aquarebel"]
[Result "0-1"]
[WhiteElo "1088"]
[BlackElo "1496"]

1. c3 d6 2. e3 e5 3. Bc4 Be6 4. b3 Qd7 5. Ba3 Bf5 6. d3 d5 7. Nf3 f6 8. Nh4 dxc4
9. bxc4 Bg4 10. Qb3 b6 11. Nd2 Qxd3 12. e4 Qe2# 0-1

[Event "Challenge"]
[Site "http://www.queenalice.com/game.php?id=1792136"]
[Date "2022.7.7"]
[Round "-"]
[White "dimitridruloza2012"]
[Black "jesuitaseregueifas"]
[Result "1-0"]
[WhiteElo "1679"]
[BlackElo "1116"]

1. d4 Nf6 2. e3 g6 3. Nf3 Nc6 4. Nc3 Ng4 5. Be2 Nb4 6. Ng5 Nh6 7. Bc4 e6 8. a3
Nc6 9. Qf3 Qxg5 10. e4 Qe7 11. Be3 Ng8 12. d5 Ne5 13. Qg3 Nxc4 14. Qxc7 Nxe3 15.
fxe3 Qh4+ 16. g3 Qe7 17. Qe5 Qf6 18. Qc7 Qf3 19. Qe5 Qxe3+ 20. Ne2 f6 21. Qc7
Qxe4 22. Rf1 h5 23. dxe6 Qxe6 24. Qc3 h4 25. Qd3 g5 26. O-O-O hxg3 27. Nxg3 Rh3
28. Rfe1 Rxg3 29. hxg3 Kf7 30. Rxe6 dxe6 31. Qh7+ Bg7 32. Qh5+ Ke7 33. Qg6 Bh6
34. Qxg8 g4+ 35. Kb1 Be3 36. Qh7+ Ke8 37. Qg8+ Ke7 38. Re1 Bc5 39. Qg7+ Kd6 40.
Qxf6 Bd7 41. Rd1+ Kc7 42. Qe5+ Kc6 43. b4 Bxb4 44. axb4 b5 45. Qd6+ Kb7 46.
Qxd7+ Kb8 47. Rd6 e5 48. Rc6 a6 49. Rc8# 1-0

[Event "Challenge"]
[Site "http://www.queenalice.com/game.php?id=1798924"]
[Date "2022.10.30"]
[Round "-"]
[White "jesuitaseregueifas"]
[Black "dimitridruloza2012"]
[Result "0-1"]
[WhiteElo "1114"]
[BlackElo "1641"]

1. h4 b6 2. g3 Bb7 3. f3 g6 4. Bh3 Bg7 5. Rh2 Nf6 6. b3 Nh5 7. g4 Nf4 8. e3 Nxh3
9. Rxh3 Bxa1 10. c3 a5 11. Na3 e6 12. Nc4 Qf6 13. Qc2 Na6 14. Qb1 Bxc3 15. dxc3
Qxc3+ 16. Bd2 Qf6 17. Qb2 Qxb2 18. Nxb2 Nc5 19. Bc3 Rg8 20. Ne2 Ke7 21. Be5 Rac8
22. Kf2 Ba8 23. Rh1 Bd5 24. Rd1 d6 25. Bh2 f6 26. g5 fxg5 27. hxg5 Rgf8 28. f4
Ne4+ 29. Ke1 c5 30. Rc1 b5 31. Nd3 c4 32. Nf2 Nc5 33. Kd2 cxb3 34. Nd4 bxa2 35.
Nxb5 Nb3+ 36. Kd3 Nxc1+ 37. Kd4 Rc4# 0-1

[Event "Entre Amigos"]
[Site "http://www.queenalice.com/game.php?id=1804890"]
[Date "2023.1.28"]
[Round "-"]
[White "dimitridruloza2012"]
[Black "jesuitaseregueifas"]
[Result "1-0"]
[WhiteElo "1638"]
[BlackElo "1142"]

1. g3 b5 2. Bg2 c6 3. b3 Na6 4. Bb2 Nb4 5. a3 Na6 6. Nh3 b4 7. e3 bxa3 8. Rxa3
Nc5 9. Bd4 Ne6 10. Qf3 Bb7 11. Ra5 Qxa5 12. O-O f6 13. Bc3 Qa2 14. Nf4 Qxc2 15.
b4 O-O-O 16. Na3 Qb3 17. Nb5 a6 18. Nxe6 dxe6 19. Nd4 Qa4 20. Nxe6 Nh6 21. Qf4
Kd7 22. Nxd8 Kxd8 23. Qb8+ Bc8 24. Qb6+ Kd7 25. Bh3+ f5 26. Ra1 Qb5 27. Qa7+ Ke8
28. Qc7 Qb7 29. Qf4 e6 30. Qg5 Rg8 31. Bg2 g6 32. Ra5 Nf7 33. Qf6 Bxb4 34. Bxb4
Qxb4 35. Bxc6+ Kf8 36. Ra4 Qxd2 37. Rc4 Qd8 38. Qc3 Nd6 39. Rd4 Qf6 40. Qc5 Qe7
41. Rxd6 Kg7 42. Qd4+ Qf6 43. Qc4 Rd8 44. Rxd8 Qxd8 45. Qf4 a5 46. Kg2 Qb6 47.
Bf3 Bb7 48. Bxb7 Qxb7+ 49. Kh3 Qc6 50. Qe5+ Kf7 51. Qxa5 Qf3 52. Qc7+ Kg8 53.
Qc8+ Kg7 54. Qxe6 Qxf2 55. Qe7+ Kh6 56. Qf8+ Kg5 57. Qe7+ Kh6 58. Qa3 Kg5 59.
Qe7+ Kh6 60. Qf8+ Kh5 61. Qa8 Qxe3 62. Qd8 f4 63. Qh4# 1-0

[Event "Challenge"]
[Site "http://www.queenalice.com/game.php?id=1808239"]
[Date "2023.3.21"]
[Round "-"]
[White "jesuitaseregueifas"]
[Black "Aquarebel"]
[Result "1-0"]
[WhiteElo "1112"]
[BlackElo "1491"]

1. g3 f5 2. Bg2 d5 3. b3 d4 4. Bb2 c5 5. Nf3 g5 6. Nxg5 e6 7. Nh3 a5 8. e3 Nf6
9. Nf4 b5 10. Bxa8 b4 11. O-O h5 12. d3 Qb6 13. Ng6 Rh7 14. e4 Qa7 15. e5 Nfd7
16. Bf3 Be7 17. Nf4 h4 18. Bh5+ Kd8 19. Re1 Qc7 20. Nxe6# 1-0

[Event "Challenge"]
[Site "http://www.queenalice.com/game.php?id=1811026"]
[Date "2023.5.1"]
[Round "-"]
[White "jesuitaseregueifas"]
[Black "Bomboche"]
[Result "1-0"]
[WhiteElo "1140"]
[BlackElo "1159"]

1. g3 d5 2. b3 e5 3. Bb2 Bb4 4. Nf3 e4 5. Ne5 Nf6 6. f3 exf3 7. Nxf3 Qe7 8. Bxf6
Qxf6 9. c3 Bc5 10. a4 O-O 11. Ra2 Nd7 12. Bh3 b6 13. Bxd7 Bxd7 14. d4 Rae8 15.
dxc5 bxc5 16. Qxd5 Qb6 17. Nbd2 Re3 18. Qxd7 Rfe8 19. Ng1 f6 20. Rb2 c4 21. Nxc4
Kf8 22. Nxb6 axb6 23. Qxc7 R8e6 24. Nh3 Rxc3 25. Qxc3 f5 26. Rd2 h6 27. Nf4 Re7
28. Ng6+ Kf7 29. Nxe7 Kxe7 30. Qc7+ Kf6 31. Qxb6+ Kg5 32. h4+ Kg4 33. Qe3 f4 34.
gxf4 g6 35. Qf3+ Kf5 36. Rg1 g5 37. fxg5+ 1-0

[Event "Rematch"]
[Site "http://www.queenalice.com/game.php?id=1812454"]
[Date "2023.5.24"]
[Round "-"]
[White "jesuitaseregueifas"]
[Black "Aquarebel"]
[Result "1-0"]
[WhiteElo "1157"]
[BlackElo "1449"]

1. g3 e5 2. Bg2 d5 3. b3 e4 4. Bb2 f6 5. e3 g5 6. Ne2 Bg4 7. h4 Bxe2 8. Qxe2 h6
9. Qb5+ Nc6 10. Qe2 Nb4 11. Kd1 Rh7 12. c3 Nd3 13. Ba3 Qd7 14. Bh3 Qf7 15. f3
Qg6 16. Be6 Ne7 17. c4 c6 18. Bxe7 Bxe7 19. cxd5 exf3 20. Qxf3 cxd5 21. Qxd5
Nf2+ 22. Ke2 Ne4 23. Qxb7 Nxg3+ 24. Kf2 Qe4 25. Qb5+ Kf8 26. Kxg3 Qxh1 27. Bd5
gxh4+ 28. Kf2 Qh2+ 29. Ke1 Rb8 30. Qd3 Bd6 31. Qxh7 Ke8 32. Qxa7 Qe5 33. Nc3 h3
34. Qg7 h5 35. Ke2 Kd8 36. Rh1 h2 37. Rf1 Be7 38. Qh7 Rb4 39. Rf5 Qg3 40. Rxh5
Rg4 41. Rxh2 Rg7 42. Qh5 Bd6 43. Rf2 Ke7 44. Qh6 Qg4+ 45. Kd3 Be5 46. Ne4 Qd7
47. Qxg7+ 1-0

[Event "AMIGÁVEL"]
[Site "http://www.queenalice.com/game.php?id=1813538"]
[Date "2023.6.10"]
[Round "-"]
[White "jesuitaseregueifas"]
[Black "dimitridruloza2012"]
[Result "0-1"]
[WhiteElo "1181"]
[BlackElo "1732"]

1. g3 b6 2. Bg2 c6 3. d3 g6 4. Bd2 Bb7 5. Bc3 f6 6. Qd2 Bh6 7. e3 Na6 8. b3 Nc5
9. Ne2 Qc7 10. Na3 e6 11. O-O-O Ne7 12. Bxf6 Rf8 13. Bxe7 Kxe7 14. f4 Qd6 15.
Nc4 Qb8 16. Qc3 Rg8 17. Rhf1 Bg7 18. d4 h5 19. dxc5 Bxc3 20. Nxc3 bxc5 21. Ne5
d6 22. Nc4 Ba6 23. Na3 Qb4 24. Nab1 Kd7 25. Ne4 Kc7 26. Nf6 Rgf8 27. Ne4 Bxf1
28. Bxf1 Qxe4 29. Re1 h4 30. Nc3 Qh1 31. Kb2 Qxh2 32. Bc4 Qxg3 33. Bxe6 Qxe1 34.
Bc4 Qxe3 35. Bd3 Rxf4 36. Bxg6 Rf1 37. Bh5 Qd4 38. Be2 Rf4 39. a3 Rb8 40. Bd3 c4
41. Bg6 Rg8 42. Bh5 Rg3 43. Be2 Qxc3+ 44. Kb1 Rg1+ 45. Bd1 Rxd1+ 46. Ka2 Qa1#
0-1

[Event "AUTO-BEG-686"]
[Site "http://www.queenalice.com/game.php?id=1815277"]
[Date "2023.6.30"]
[Round "1"]
[White "nuzera"]
[Black "jesuitaseregueifas"]
[Result "0-1"]
[WhiteElo "1073"]
[BlackElo "1179"]

1. e4 f6 2. Qh5+ g6 3. Qd5 Bg7 4. Bc4 Nh6 5. d4 c6 6. Qc5 b6 7. Qb4 f5 8. Bd3 a5
9. Qc3 Nf7 10. Bc4 Nd6 11. exf5 Nxf5 12. Nf3 c5 13. Ng5 cxd4 14. Qf3 Ra7 0-1

[Event "AUTO-BEG-686"]
[Site "http://www.queenalice.com/game.php?id=1815278"]
[Date "2023.6.30"]
[Round "1"]
[White "jesuitaseregueifas"]
[Black "nuzera"]
[Result "1-0"]
[WhiteElo "1191"]
[BlackElo "1061"]

1. c3 e5 2. g3 Bc5 3. e3 Qf6 4. Bg2 Ne7 5. Ne2 d5 6. Qa4+ c6 7. Qa5 b6 8. Qa4 b5
9. Qa5 O-O 10. Qc7 Qg6 11. b4 Bd6 12. Qa5 Bf5 13. Na3 Bd3 14. Ng1 Be4 15. f3 1-0

[Event "AUTO-BEG-686"]
[Site "http://www.queenalice.com/game.php?id=1815285"]
[Date "2023.6.30"]
[Round "1"]
[White "Capixabba789"]
[Black "jesuitaseregueifas"]
[Result "1-0"]
[WhiteElo "1872"]
[BlackElo "1185"]

1. e4 g6 2. f4 Bg7 3. Nf3 b6 4. Bc4 a5 5. O-O Ba6 6. Bxf7+ Kxf7 7. d3 d6 8. Ng5+
Kf8 9. Ne6+ Ke8 10. Nxd8 Kxd8 11. Qf3 a4 12. a3 Nc6 13. Nc3 Bxc3 14. bxc3 Nf6
15. Bb2 h5 16. e5 dxe5 17. Qxc6 Rb8 18. fxe5 Nd7 19. c4 Rf8 20. e6 Rxf1+ 21.
Rxf1 Bb7 22. Qxd7# 1-0

[Event "AUTO-BEG-686"]
[Site "http://www.queenalice.com/game.php?id=1815286"]
[Date "2023.6.30"]
[Round "1"]
[White "jesuitaseregueifas"]
[Black "Capixabba789"]
[Result "0-1"]
[WhiteElo "1183"]
[BlackElo "1825"]

1. g3 d5 2. Bg2 e5 3. Nf3 e4 4. Ng1 Nc6 5. h4 Bf5 6. Nc3 Nf6 7. b3 Bd6 8. Bb2
O-O 9. Nb5 a6 10. Nd4 Nxd4 11. Bxd4 c5 12. Bxf6 Qxf6 13. e3 Bg4 14. f3 Bxg3+ 15.
Ke2 exf3+ 16. Bxf3 Bxf3+ 17. Nxf3 Rfe8 18. Rh3 Bd6 19. Ng5 Be5 20. c3 d4 21.
cxd4 cxd4 22. exd4 Bxd4+ 23. Kd3 Bxa1 24. Qf3 Rad8+ 25. Kc2 Rc8+ 26. Kd1 Qxf3+
27. Rxf3 Bf6 28. Nh3 Bxh4 29. Rf1 Bf6 30. Nf4 Red8 31. Rf2 h6 32. Nh5 Bg5 33.
Rg2 Rc6 34. a4 Rcd6 35. b4 Rxd2+ 36. Rxd2 Bxd2 37. b5 a5 38. Ke2 Bg5 39. Ng3 Rd4
0-1

[Event "AMIGÁVEL"]
[Site "http://www.queenalice.com/game.php?id=1821033"]
[Date "2023.9.18"]
[Round "-"]
[White "dimitridruloza2012"]
[Black "jesuitaseregueifas"]
[Result "1-0"]
[WhiteElo "1796"]
[BlackElo "1202"]

1. g3 d6 2. Bg2 c6 3. b3 g6 4. Bb2 f6 5. Nf3 Nh6 6. Na3 Rg8 7. d3 Qa5+ 8. c3 Ng4
9. h3 Ne5 10. b4 Qa6 11. Qb3 Rh8 12. c4 Be6 13. Nd4 b5 14. Nxe6 Qb7 15. Nxb5 Kd7
16. Nxf8+ Rxf8 17. Bd4 a6 18. Nc3 Nf7 19. Ne4 h5 20. c5 Kd8 21. Qe6 Qxb4+ 22.
Bc3 Qb7 23. cxd6 exd6 24. Bxf6+ Kc7 25. Qe7+ Nd7 26. Nxd6 Qb4+ 27. Kf1 Qxd6 28.
Rc1 Qxe7 29. Bxe7 Nde5 30. Bxf8 Rxf8 31. d4 Nd7 32. Rxc6+ Kb7 33. Rxg6+ Ka7 34.
f3 Nd8 35. Kf2 Nb8 36. Rg7+ Kb6 37. Rb1+ 1-0

[Event "AMIGÁVEL"]
[Site "http://www.queenalice.com/game.php?id=1833737"]
[Date "2024.3.17"]
[Round "-"]
[White "jesuitaseregueifas"]
[Black "dimitridruloza2012"]
[Result "1/2-1/2"]
[WhiteElo "1200"]
[BlackElo "1708"]

1. h4 b6 2. Rh3 Bb7 3. g3 g6 4. b3 Bg7 5. c3 Nf6 6. a4 Nc6 7. Bg2 Ng4 8. Bxc6
Bxc6 9. f3 Ne5 10. Bb2 d6 11. c4 Nxf3+ 12. exf3 Bxb2 13. Ra2 Bd4 14. Rh1 Qd7 15.
Nh3 Qe6+ 16. Kf1 Qf5 17. Kg2 h5 18. Na3 Bd7 19. Nc2 Be5 20. f4 Qe4+ 21. Kh2 Bc6
22. Rg1 Bf6 23. Nb4 Bd7 24. Nf2 Qe6 25. Na6 Bd4 26. Nxc7+ Kf8 27. Nxe6+ Bxe6 28.
Ne4 Bxg1+ 29. Qxg1 Kg7 30. d3 Rad8 31. a5 d5 32. Nf2 Bc8 33. Qg2 Bb7 34. axb6
axb6 35. Ra7 Rd7 36. Nh3 Rb8 37. Qe2 Kh6 38. Ng5 e6 39. Ra1 Re7 40. Rc1 Ra8 41.
Qe5 Ra2+ 42. Kg1 Re8 43. Nxf7+ Kh7 44. Nd6 d4 45. Nxe8 Rg2+ 46. Kf1 Bc6 47. Nc7
Rxg3 48. Qxe6 Bg2+ 49. Kg1 Bh3+ 50. Kh2 Bxe6 51. Kxg3 Bf5 52. Rd1 Kg7 53. Nd5
Kf7 54. Nxb6 Kf6 55. b4 Ke6 56. c5 Bg4 57. Re1+ Kf5 58. Re4 g5 59. fxg5 Bd1 60.
c6 Bc2 61. Rxd4 Ke5 62. Rd8 Ke6 63. c7 Ke7 64. c8=Q Bxd3 65. Qc6 Kxd8 66. g6
Bxg6 67. Qxg6 Kc7 68. Nd5+ Kd7 69. b5 Kd8 70. Qc6 1/2-1/2

[Event "AMIGÁVEL"]
[Site "http://www.queenalice.com/game.php?id=1842172"]
[Date "2024.8.19"]
[Round "-"]
[White "dimitridruloza2012"]
[Black "jesuitaseregueifas"]
[Result "1-0"]
[WhiteElo "1730"]
[BlackElo "1214"]

1. g3 c6 2. Bg2 h5 3. b3 Rh6 4. Bb2 Rg6 5. e3 Re6 6. Qxh5 Nh6 7. Nf3 g6 8. Qh4
Qb6 9. Ng5 f6 10. Nxe6 dxe6 11. Nc3 Bg7 12. Na4 Qc7 13. Qe4 Kf7 14. Nc5 Qd6 15.
Bd4 f5 16. Qh4 Na6 17. Nxa6 bxa6 18. c3 e5 19. Bxe5 Qxe5 20. Bxc6 Rb8 21. O-O
Bb7 22. Bxb7 Rxb7 23. Qc4+ Qe6 24. Qe2 Ng4 25. Kg2 a5 26. d4 Qd5+ 27. Kh3 Nf6
28. c4 Qe4 29. f3 Qc6 30. Rad1 Rd7 31. d5 Qc5 32. Rd4 Nh5 33. Rd3 Rd8 34. Rfd1
Be5 35. a4 f4 36. g4 Nf6 37. Kg2 fxe3 38. Rxe3 Bd6 39. Re1 Rh8 40. f4 Ng8 41. h3
Bxf4 42. Rf3 Qd4 43. g5 Rh5 44. Rxf4+ Qxf4 45. Rf1 Qf5 46. Rxf5+ gxf5 47. Qxh5+
Kf8 48. g6 f4 49. Qh7 a6 50. Qf7# 1-0

[Event "AMIGÁVEL"]
[Site "http://www.queenalice.com/game.php?id=1843915"]
[Date "2024.9.18"]
[Round "-"]
[White "jesuitaseregueifas"]
[Black "dimitridruloza2012"]
[Result "0-1"]
[WhiteElo "1212"]
[BlackElo "1776"]

1. g3 b6 2. Bg2 c6 3. b3 Bb7 4. Bb2 Nh6 5. h4 e6 6. e3 Na6 7. Qh5 Nf5 8. Be4 Nd6
9. Qg4 Nc5 10. Bg2 Qe7 11. Nf3 h5 12. Qf4 Na6 13. Ng5 c5 14. Rh2 Nb4 15. Kd1 f6
16. Nh3 Bxg2 17. Rxg2 e5 18. Qf3 Rc8 19. a3 Nc6 20. a4 Qe6 21. Rh2 c4 22. Ra3
cxb3 23. cxb3 Nf7 24. Bc3 Bxa3 25. Nxa3 Qxb3+ 26. Nc2 Qb1+ 27. Ke2 Qxc2 28. Rh1
e4 29. Qg2 Qxa4 30. Ra1 Qc4+ 31. Ke1 Qd3 32. Kd1 Nfe5 33. Nf4 Qc4 34. Qh1 Nd3
35. Qf1 Na5 36. Bxa5 bxa5 37. Rxa5 Qb4 38. Ra1 O-O 39. f3 f5 40. Nd5 Qb3+ 41.
Ke2 Qxd5 42. f4 Qc4 43. Qb1 Nxf4+ 44. Kf2 Qe2+ 45. Kg1 Qg2# 0-1

[Event "AMIGÁVEL"]
[Site "http://www.queenalice.com/game.php?id=1848377"]
[Date "2024.12.6"]
[Round "-"]
[White "dimitridruloza2012"]
[Black "jesuitaseregueifas"]
[Result "1-0"]
[WhiteElo "1886"]
[BlackElo "1210"]

1. g3 e6 2. Bg2 Bc5 3. b3 Qf6 4. d4 Bxd4 5. c3 Bc5 6. e3 Bb4 7. Ne2 Bc5 8. Nf4
g6 9. O-O Na6 10. Nd2 Rb8 11. Ne4 Qg7 12. Bb2 b5 13. Nd3 d6 14. Qe2 Bb7 15. c4
Bxe4 16. Bxg7 Bxd3 17. Qxd3 Nb4 18. Qe4 d5 19. Qe5 Rb7 20. cxd5 Nd3 21. Qe4 Nb4
22. dxe6 c6 23. Bxh8 f6 24. a3 Nd5 25. b4 Bd6 26. Qh4 Kf8 27. Rac1 Rc7 28. Bxd5
cxd5 29. Rxc7 Bxc7 30. Bxf6 Bd6 31. Rc1 Ne7 32. Qxh7 a5 33. Qh8+ Ng8 34. Qg7+
Ke8 35. Rc8# 1-0

[Event "AMIGÁVEL"]
[Site "http://www.queenalice.com/game.php?id=1852667"]
[Date "2025.2.23"]
[Round "-"]
[White "jesuitaseregueifas"]
[Black "dimitridruloza2012"]
[Result "0-1"]
[WhiteElo "1208"]
[BlackElo "1807"]

1. g3 g6 2. Bg2 Bg7 3. c3 b6 4. Bxa8 Na6 5. Qa4 Nc5 6. Qxa7 e6 7. a4 Nh6 8. d4
Nb3 9. Bxh6 Bxh6 10. Ra3 Na5 11. Bf3 Qg5 12. e3 Qf5 13. Nd2 O-O 14. Qxc7 Qc2 15.
Qxb6 Nc6 16. a5 Qc1+ 17. Ke2 e5 18. Bxc6 dxc6 19. Qxc6 Qxb2 20. Rb3 Qc1 21. dxe5
Bg4+ 22. f3 Bf5 23. f4 Bg4+ 24. Kd3 Rd8+ 25. Kc4 Rc8 26. Qxc8+ Bxc8 27. Nb1 Be6+
28. Kb4 Bxb3 29. Kxb3 Qxb1+ 30. Kc4 Qe4+ 31. Kb3 Qxh1 32. Ne2 Qb1+ 33. Kc4 Qa2+
34. Kd3 Qxa5 35. h4 Qd5+ 36. Nd4 Bf8 37. c4 Qd8 38. Kc3 Qa5+ 39. Kd3 Bc5 40. Nb5
Qe1 41. e4 Qxg3+ 42. Kc2 Qxf4 43. Kd3 Qe3+ 44. Kc2 Bb4 45. Kb2 Qd2+ 46. Kb3 Bc5
47. Nc3 Qd3 48. Kb2 Bd4 49. c5 Qxc3+ 50. Ka2 Qb2# 0-1